Blockchain Technology for Industry 4.0 (Record no. 27395)

000 -LEADER
fixed length control field 03787nam a22006855i 4500
001 - CONTROL NUMBER
control field 978-981-15-1137-0
003 - CONTROL NUMBER IDENTIFIER
control field DE-He213
005 - DATE AND TIME OF LATEST TRANSACTION
control field 20240716155732.0
006 - FIXED-LENGTH DATA ELEMENTS--ADDITIONAL MATERIAL CHARACTERISTICS
fixed length control field a|||||o|||| 00| 0
007 - PHYSICAL DESCRIPTION FIXED FIELD--GENERAL INFORMATION
fixed length control field cr nn 008mamaa
008 - FIXED-LENGTH DATA ELEMENTS--GENERAL INFORMATION
fixed length control field 200103s2020 si | s |||| 0|eng d
020 ## - INTERNATIONAL STANDARD BOOK NUMBER
International Standard Book Number 9789811511370
024 7# - OTHER STANDARD IDENTIFIER
Standard number or code 10.1007/978-981-15-1137-0
Source of number or code doi
040 ## - CATALOGING SOURCE
Transcribing agency imu-kc
050 #4 - LIBRARY OF CONGRESS CALL NUMBER
Classification number TK7895.E42
Classification number TK5105.8857
072 #7 - SUBJECT CATEGORY CODE
Subject category code TJF
Source bicssc
Subject category code GPFC
Source bicssc
Subject category code TEC007000
Source bisacsh
Subject category code TJF
Source thema
Subject category code GPFC
Source thema
082 04 - DEWEY DECIMAL CLASSIFICATION NUMBER
Classification number 621.38
Edition number 23
245 10 - TITLE STATEMENT
Title Blockchain Technology for Industry 4.0
Medium [electronic resource] :
Remainder of title Secure, Decentralized, Distributed and Trusted Industry Environment /
Statement of responsibility, etc. edited by Rodrigo da Rosa Righi, Antonio Marcos Alberti, Madhusudan Singh.
250 ## - EDITION STATEMENT
Edition statement 1st ed. 2020.
264 #1 - PRODUCTION, PUBLICATION, DISTRIBUTION, MANUFACTURE, AND COPYRIGHT NOTICE
Place of production, publication, distribution, manufacture Singapore :
Name of producer, publisher, distributor, manufacturer Springer Nature Singapore :
-- Imprint: Springer,
Date of production, publication, distribution, manufacture, or copyright notice 2020.
300 ## - PHYSICAL DESCRIPTION
Extent V, 164 p. 50 illus., 40 illus. in color.
Other physical details online resource.
336 ## - CONTENT TYPE
Content type term text
Content type code txt
Source rdacontent
337 ## - MEDIA TYPE
Media type term computer
Media type code c
Source rdamedia
338 ## - CARRIER TYPE
Carrier type term online resource
Carrier type code cr
Source rdacarrier
347 ## - DIGITAL FILE CHARACTERISTICS
File type text file
Encoding format PDF
Source rda
490 1# - SERIES STATEMENT
Series statement Blockchain Technologies,
International Standard Serial Number 2661-8346
505 0# - FORMATTED CONTENTS NOTE
Formatted contents note 1. History of Industrial Revolutions: From Homo Sapiens Hunters to Bitcoin Hunters -- 2. Blockchain and Industry 4.0: Overview, Convergence, and Analysis -- 3. Blockchain Technology for Data Management in Industry 4.0 -- 4. Secure Smart Contract Generation based on Petri Nets -- 5. Blockchain for Machine to Machine Interaction in Industry 4.0 -- 6. Blockchain-based Crowdfunding -- 7. Engineering 4.0: Future with disruptive technologies -- 8. The Opportunities of Blockchain in Health 4.0.
520 ## - SUMMARY, ETC.
Summary, etc. This book explores recent advances in blockchain technology and its impact on Industry 4.0 via advanced technologies. It provides an in-depth analysis of the step by step evolution of Industry 4.0 and blockchain technologies for creating the next-generation, secure, decentralized, distributed and trusted industry environment and enhancing the productivity of industries. The book describes how blockchain technology makes the industrial internet (Industry 4.0) a transparent, reliable and secure environment for people, processes, systems, and services, presenting a strong, technological and conceptual framework and roadmap for decision-makers involved in the transformation of any area of industry.
650 #0 - SUBJECT ADDED ENTRY--TOPICAL TERM
Topical term or geographic name entry element Cooperating objects (Computer systems).
Topical term or geographic name entry element Data protection.
Topical term or geographic name entry element Industrial engineering.
Topical term or geographic name entry element Production engineering.
Topical term or geographic name entry element Business information services.
Topical term or geographic name entry element Telecommunication.
Topical term or geographic name entry element Big data.
Topical term or geographic name entry element Cyber-Physical Systems.
Topical term or geographic name entry element Data and Information Security.
Topical term or geographic name entry element Industrial and Production Engineering.
Topical term or geographic name entry element IT in Business.
Topical term or geographic name entry element Communications Engineering, Networks.
Topical term or geographic name entry element Big Data.
700 1# - ADDED ENTRY--PERSONAL NAME
Personal name Rosa Righi, Rodrigo da.
Relator term editor.
Relationship edt
-- http://id.loc.gov/vocabulary/relators/edt
Personal name Alberti, Antonio Marcos.
Relator term editor.
Relationship edt
-- http://id.loc.gov/vocabulary/relators/edt
Personal name Singh, Madhusudan.
Relator term editor.
Authority record control number or standard number (orcid)0000-0001-6913-5200
Real World Object URI https://orcid.org/0000-0001-6913-5200
Relationship edt
-- http://id.loc.gov/vocabulary/relators/edt
710 2# - ADDED ENTRY--CORPORATE NAME
Corporate name or jurisdiction name as entry element SpringerLink (Online service)
773 0# - HOST ITEM ENTRY
Title Springer Nature eBook
776 08 - ADDITIONAL PHYSICAL FORM ENTRY
Relationship information Printed edition:
International Standard Book Number 9789811511363
Relationship information Printed edition:
International Standard Book Number 9789811511387
Relationship information Printed edition:
International Standard Book Number 9789811511394
830 #0 - SERIES ADDED ENTRY--UNIFORM TITLE
Uniform title Blockchain Technologies,
International Standard Serial Number 2661-8346
856 40 - ELECTRONIC LOCATION AND ACCESS
Uniform Resource Identifier <a href="https://doi.org/10.1007/978-981-15-1137-0">https://doi.org/10.1007/978-981-15-1137-0</a>
942 ## - ADDED ENTRY ELEMENTS (KOHA)
Source of classification or shelving scheme
Koha item type E-Book

No items available.

Designed and Maintained by IMU-KC Library, Kolkata Campus © Copyright All Rights Reserved

webs counters

Powered by Koha